La cría lucrativa de abejas al alcance de todos / (Record no. 63815)

MARC details
000 -LEADER
campo de control de longitud fija 00519nam a2200157 i 4500
001 - NÚMERO DE CONTROL
campo de control 63815
003 - IDENTIFICADOR DE NÚMERO DE CONTROL
campo de control ES-MaACL
005 - FECHA Y HORA DE LA ÚLTIMA TRANSACCIÓN
campo de control 20230906164957.0
007 - CAMPO FIJO DE DESCRIPCIÓN FÍSICA--INFORMACIÓN GENERAL
campo de control de longitud fija t|
008 - DATOS DE LONGITUD FIJA--INFORMACIÓN GENERAL
campo de control de longitud fija 031217s1959 sp ||||1| spa d
100 1# - ENTRADA PRINCIPAL--NOMBRE DE PERSONA
Nombre de persona Figueroa Corvacho, Juan.
9 (RLIN) 50793
245 13 - MENCIÓN DEL TÍTULO
Título La cría lucrativa de abejas al alcance de todos /
Mención de responsabilidad, etc. Juan Figueroa Corvacho.
260 ## - PUBLICACIÓN, DISTRIBUCIÓN, ETC.
Lugar de publicación, distribución, etc. [S.l. :
Nombre del editor, distribuidor, etc. s.n.,
Fecha de publicación, distribución, etc. 1959] (
Lugar de fabricación/manufactura Pontevedra :
Fabricante Artes gráficas del hogar provincial)
300 ## - DESCRIPCIÓN FÍSICA
Extensión XII, 103 p. :
Otras características físicas il. ;
Dimensiones 18 cm.
852 ## - LOCALIZACIÓN
Ubicación ES-MaACL
Número de control de estantería C-16393
Sublocalización o colección R.44182
Holdings
Estatus retirado Estado de pérdida Estado de daño No para préstamo Biblioteca de origen Biblioteca actual Ubicación en estantería Fecha de adquisición Fuente de adquisición Total de préstamos Signatura topográfica completa Código de barras Visto por última vez Precio de reemplazo Tipo de ítem Koha
        Biblioteca del Ateneo de Madrid Biblioteca del Ateneo de Madrid Galería 17/01/2008     C-16393 1066877 23/02/2023 23/02/2023 Libro impreso